| 000 | 00362nam a2200097Ia 4500 | ||
|---|---|---|---|
| 008 | 180130s9999 xx 000 0 und d | ||
| 245 |
_cJuristo, N. _aOnce is not enough: why we need replication |
||
| 260 | _c2016 | ||
| 300 | _aBook title: Perspectives on data science for software engineering--Acession number C20893; pages 299-302 | ||
| 650 | _aSOFTWARE ENGINEERING | ||
| 999 |
_c354333 _d354333 |
||